000 00476nmm a2200169Ia 4500
008 251105s9999||||xx |||||||||||||||||und||
020 _a9788498166897
041 _aspa
100 _aGuevara, Antonio de
245 0 _aLibro primero de las epístolas familiares
264 _a[Madrid, España] :
_bLinkgua,
_c2016
300 _a140 páginas
490 _aHistoria
650 _aSpanish narrative
856 _uhttps://public.digitaliapublishing.com/a/16687
942 _cCF
999 _c91376
_d91376